| 000 | 01362nam a2200337Ia 4500 | ||
|---|---|---|---|
| 001 | ebr10051561 | ||
| 003 | CaPaEBR | ||
| 006 | m u | ||
| 007 | cr cn||||||||| | ||
| 008 | 040107s2004 dcu s i000 0 eng d | ||
| 020 | _z0821356763 | ||
| 040 |
_aCaPaEBR _cCaPaEBR |
||
| 035 | _a(OCoLC)559794223 | ||
| 050 | 1 | 4 |
_aHQ1240.5.M628 _bG456 2004eb |
| 082 | 0 | 4 |
_a305.42/0956 _222 |
| 245 | 0 | 0 |
_aGender and development in the Middle East and North Africa _h[electronic resource] : _bwomen in the public sphere. |
| 260 |
_aWashington, DC : _bWorld Bank, _c2004. |
||
| 300 | _axx, 198 p. | ||
| 490 | 1 | _aOrientations in development | |
| 533 |
_aElectronic reproduction. _bPalo Alto, Calif. : _cebrary, _d2009. _nAvailable via World Wide Web. _nAccess may be limited to ebrary affiliated libraries. |
||
| 650 | 0 |
_aWomen in development _zMiddle East. |
|
| 650 | 0 |
_aWomen in development _zAfrica, North. |
|
| 650 | 0 |
_aSex role _zMiddle East. |
|
| 650 | 0 |
_aSex role _zAfrica, North. |
|
| 650 | 0 |
_aSex discrimination against women _zMiddle East. |
|
| 650 | 0 |
_aSex discrimination against women _zAfrica, North. |
|
| 655 | 7 |
_aElectronic books. _2local |
|
| 710 | 2 | _aebrary, Inc. | |
| 830 | 0 | _aOrientations in development. | |
| 856 | 4 | 0 |
_uhttp://site.ebrary.com/lib/rucke/Doc?id=10051561 _zAn electronic book accessible through the World Wide Web; click to view |
| 999 |
_c179730 _d179730 |
||